[Event "BL 2017-18"]
[Site "Germany"]
[Date "2018.04.29"]
[Round "13"]
[White "Volokitin, Andrei"]
[Black "Oleksiyenko, Mykhaylo"]
[Result "1/2-1/2"]
[WhiteElo "2632"]
[BlackElo "2621"]
[Annotator "TA"]
[PlyCount "72"]
[EventDate "2018.05.24"]
[EventType "team-tourn"]
[EventCountry "GER"]
[SourceTitle "playchess.com"]
[Source "ChessBase"]
[SourceQuality "1"]
[WhiteTeam "SV Hofheim"]
[BlackTeam "Speyer"]

{[%evp 15,72,8,15,6,19,0,26,0,11,1,39,18,61,67,63,63,63,63,65,47,53,53,58,42,48,48,40,47,63,51,51,38,38,45,57,68,70,62,64,40,44,48,39,0,83,0,0,0,0,0,0,0,0,0,0,0,0,0,0]} 1. e4 e5 2. Nf3 Nc6 3. Bb5 Nf6 4. d3 Bc5 5. Nbd2 O-O 6. O-O d6 {[%cal Bd7d6,Bd6d5][%mdl 32]} 7. c3 a6 {C65: Ruy Lopez: Berlin Defence (3...Nf6), unusual lines and 4 0-0 Bc5} 8. Bxc6 bxc6 {LiveBook: 59 Games} 9. Qc2 (9. d4 exd4 10. cxd4 Bb6 11. Qc2 c5 12. d5 Re8 13. b3 Bg4 14. Bb2 Bh5 15. Rae1 {1-0 (57) Anand,V (2782)-Grischuk,A (2772) Riadh 2017}) 9... Re8 10. b3 d5 $146 ({Predecessor:} 10... Ba7 11. Re1 Nh5 12. d4 Qf6 13. dxe5 dxe5 14. Nc4 Bg4 15. Qe2 {½-½ (25) Nekhaev,A (2512)-Zhak,B (2597) ICCF email 2015}) 11. Nxe5 Rxe5 12. d4 Rh5 {[#] aiming for ...Be7.} 13. dxc5 Nxe4 14. Nxe4 {Black must now prevent Ng3.} Qh4 {[%csl Gh5][%cal Rh4h2]} 15. Bf4 $1 {[%cal Rf4g3]} Qxf4 {[%csl Gh5][%cal Rf4h2]} 16. Ng3 Re5 17. Rfe1 Bd7 18. Rxe5 Qxe5 19. Qd2 Re8 20. Kf1 Qe7 21. b4 Qh4 22. Kg1 Qc4 23. Re1 Rxe1+ 24. Qxe1 g6 ({Wrong is} 24... Qxa2 $2 25. Qe7 $18) 25. Qd2 a5 {[%cal Ba6a5,Ba5a4,Ba4a3,Ba3a2][%mdl 32]} 26. Ne2 $1 Qe4 27. h3 Qb1+ 28. Kh2 a4 $1 29. Nd4 a3 {[#]} 30. Qg5 ({White should try} 30. b5 $1 $16) 30... Qxa2 $11 {The position is equal.} 31. Qd8+ Kg7 32. Qxd7 {Hoping for Ne6+.} Qxf2 {...a2 is the strong threat.} 33. Qxc7 {And now Qe5+ would win.} a2 34. Nb3 Qb2 35. Qe5+ Kg8 36. Qe8+ Kg7 {Precision: White = 68%, Black = 77%.} 1/2-1/2

[Event "BL 2017-18"]
[Site "Germany"]
[Date "2018.04.29"]
[Round "13"]
[White "Baramidze, David"]
[Black "Shirov, Alexei"]
[Result "0-1"]
[WhiteElo "2621"]
[BlackElo "2644"]
[Annotator "TA"]
[PlyCount "54"]
[EventDate "2018.05.24"]
[EventType "team-tourn"]
[EventCountry "GER"]
[SourceTitle "playchess.com"]
[Source "ChessBase"]
[SourceQuality "1"]
[WhiteTeam "Hockenheim"]
[BlackTeam "Baden-Baden"]

{[%evp 18,54,20,10,50,26,26,22,41,0,0,-6,-6,-164,-158,-198,-123,-122,-122,-122,-113,-321,-304,-609,-424,-410,-412,-467,-467,-466,-483,-477,-478,-455,-476,-472,-471,-446,-431]} 1. e4 e5 2. Nf3 Nc6 3. Bc4 Bc5 4. O-O Nf6 5. d3 O-O 6. a4 {C50: Hungarian Defence and Giuoco Pianissimo} a5 7. Bg5 {[%cal Bc1g5,Bg5h4,Bh4g3][%mdl 32]} h6 8. Bh4 g5 9. Bg3 d6 10. c3 {LiveBook: 13 Games} Ne7 $146 ({Predecessor:} 10... Ba7 11. Re1 Ne7 12. d4 Ng6 13. Na3 exd4 14. Nxd4 {1-0 (57) Navara,D (2737)-Bok,B (2622) Batumi 2018}) 11. Nbd2 Ng6 12. d4 exd4 13. cxd4 Bb4 14. e5 Nh5 15. Ne4 $2 {[#]} (15. exd6 $11 {and White stays safe.} cxd6 16. Ne1) 15... g4 $1 $19 (15... d5 $6 16. Nfxg5 Nxg3 17. Nf6+ Kg7 18. fxg3 $11) 16. Bb3 Bf5 ({Black should try} 16... gxf3 $19 17. Qxf3 Nxg3 18. Qxg3 Kh8) 17. Nfd2 $17 dxe5 18. dxe5 Qd4 {And now ...Rad8 would win.} 19. Qe2 $2 (19. Bc2 $17 {was called for.}) 19... Bxd2 $19 ({Worse is} 19... Qxb2 20. Qe3 $11) ({Not} 19... Nxe5 20. Nf6+ Nxf6 21. Bxe5 $17) 20. e6 $2 (20. Nxd2 Bd3 21. Qd1 Nxg3 22. hxg3 Bxf1 23. Nxf1 Qxd1 24. Rxd1) 20... Qxe4 21. Qxd2 Ngf4 {[%csl Gf4][%cal Re4g2]} ({Resist} 21... Bxe6 22. Bc2 $19) 22. exf7+ Kh7 {[%csl Gf4][%cal Re4g2] Black is clearly winning.} 23. f3 Ne2+ 24. Kf2 gxf3 25. gxf3 {[#]} Nexg3 $1 {[%mdl 512]} 26. hxg3 Qe5 27. Rg1 Rad8 {Precision: White = 25%, Black = 79%.} 0-1

[Event "BL 2017-18"]
[Site "Germany"]
[Date "2018.04.29"]
[Round "13"]
[White "Bluebaum, Matthias"]
[Black "Lupulescu, Constantin"]
[Result "1/2-1/2"]
[WhiteElo "2616"]
[BlackElo "2621"]
[Annotator "TA"]
[PlyCount "61"]
[EventDate "2018.05.24"]
[EventType "team-tourn"]
[EventCountry "GER"]
[SourceTitle "playchess.com"]
[Source "ChessBase"]
[SourceQuality "1"]
[WhiteTeam "SF Deizisau"]
[BlackTeam "Aachen"]

{[%evp 20,61,24,27,25,16,22,0,0,0,37,0,18,0,0,-13,0,-11,-8,-8,-8,-4,-8,-19,-10,-13,-6,-13,0,0,14,0,0,0,0,0,0,0,0,0,0,0,0,0]} 1. c4 c5 2. Nf3 Nc6 3. Nc3 g6 4. e3 Nf6 5. d4 cxd4 6. exd4 d5 7. cxd5 Nxd5 8. Qb3 Nxc3 9. Bc4 e6 10. bxc3 Bg7 11. Ba3 {[#] LiveBook: 68 Games. Hoping for d5. A35: Symmetrical English: 2 Nc3 Nc6 3 Nf3} Na5 12. Bb5+ Bd7 13. Qa4 {Black must now prevent Bxd7+.} Nc6 {[#]} 14. Qb3 $146 ({Predecessor:} 14. Qc2 Ne7 15. Bxd7+ Qxd7 16. Ne5 Bxe5 17. dxe5 Qb5 18. Qe2 Qxe2+ 19. Kxe2 {½-½ (31) Edouard,R (2635)-Santos Ruiz,M (2472) Monzon 2016}) 14... Na5 15. Qb4 b6 {The position is equal.} 16. Ne5 (16. d5 {with more complications.} Bxb5 17. Qxb5+ Qd7 18. Qxd7+ Kxd7 19. dxe6+ Kxe6 20. O-O-O) 16... Bxe5 $1 17. dxe5 {[#] Threatens to win with 0-0-0.} Bxb5 18. Qxb5+ Qd7 19. Qxd7+ Kxd7 20. O-O-O+ Kc7 21. Be7 Rhe8 22. Bf6 Rac8 23. Kc2 Nb7 24. Rd4 Nc5 25. Rhd1 h5 26. f3 Kb7 27. g4 Rc7 28. Bd8 Rc8 29. Bf6 Rc7 30. Bd8 Rc8 31. Bf6 {Precision: White = 69%, Black = 72%.} 1/2-1/2

[Event "BL 2017-18"]
[Site "Germany"]
[Date "2018.04.29"]
[Round "13"]
[White "Smeets, Jan"]
[Black "Zeller, Frank"]
[Result "1-0"]
[WhiteElo "2608"]
[BlackElo "2368"]
[Annotator "TA"]
[PlyCount "97"]
[EventDate "2018.05.24"]
[EventType "team-tourn"]
[EventCountry "GER"]
[SourceTitle "playchess.com"]
[Source "ChessBase"]
[SourceQuality "1"]
[WhiteTeam "Solingen"]
[BlackTeam "Schwaebisch Hall"]

{[%evp 29,97,0,0,0,0,-5,0,0,0,0,27,9,30,4,12,18,27,27,51,39,63,37,48,39,47,46,33,0,67,46,59,53,166,156,170,142,121,95,187,120,250,253,316,327,300,268,392,310,401,331,331,237,284,0,334,340,466,460,563,545,850,741,1415,1272,1896,1630,29992,29993,29997,29998]} 1. e4 e5 2. Nf3 Nc6 3. Bb5 a6 4. Ba4 Nf6 5. O-O Be7 6. Re1 b5 7. Bb3 d6 8. c3 O-O 9. h3 Na5 10. Bc2 c5 11. d4 Nd7 12. Nbd2 exd4 13. cxd4 Nc6 14. d5 Nce5 15. Nh2 {[%cal Bf3h2,Bh2g4,Bg4e3,Be3f1,Bf1g3][%mdl 32] C96: Closed Ruy Lopez: Chigorin Defence: 11 d4, replies other than 11...Qc7} (15. a4 Bb7 16. Nxe5 Nxe5 17. f4 Ng6 18. Nf3 Re8 19. axb5 axb5 20. Rxa8 Qxa8 21. b3 Bd8 22. f5 Nf8 {1-0 (54) Shirov,A (2630)-Howell,D (2701) Douglas 2017}) 15... Ng6 {LiveBook: 22 Games} 16. Ndf3 Re8 17. Rb1 {The position is equal.} a5 $146 ({Predecessor:} 17... Nh4 18. Bf4 Nf8 19. e5 Nhg6 20. Bg3 dxe5 21. Nxe5 Bd6 22. Nc6 Rxe1+ 23. Qxe1 {½-½ (35) Szabo,G (2540)-Gonda,L (2490) Hungary 2017}) 18. Ng4 Nf6 19. Ne3 Bf8 20. Nf1 Nd7 21. Ng3 Nde5 22. Nh2 a4 23. f4 Nc4 24. Rf1 Be7 25. Nh5 Bf6 26. Nxf6+ Qxf6 27. f5 $36 {[%mdl 2048] White is more active.} Nge5 28. Kh1 Bd7 (28... Nd7 $11) 29. Qh5 $1 $14 {Black must now prevent Bg5.} g6 30. fxg6 Qxg6 {[#]} ({Better is} 30... fxg6 $14 31. Rxf6 gxh5) 31. Qh4 $1 $18 Qg7 32. Bg5 Ng6 33. Qf2 Nce5 (33... b4 $16) 34. Rbe1 (34. Qg3 $18) 34... a3 {[#]} (34... b4 $16) 35. b3 $1 Rf8 36. Bf6 Qh6 37. Qg3 Qd2 (37... Rae8 {was worth a try.} 38. Nf3 Qf4 39. Qxf4 Nxf4 40. Nxe5 dxe5) 38. Bd1 c4 39. Re2 Qh6 40. Bg5 Qg7 41. Bf6 Qh6 42. b4 Rfc8 43. h4 Nd3 44. Re3 Nxb4 45. h5 Nxa2 46. hxg6 hxg6 47. Bg4 Bxg4 48. Qxg4 Qxe3 49. Qh4 {Precision: White = 71%, Black = 34%.} 1-0

[Event "BL 2017-18"]
[Site "Germany"]
[Date "2018.04.29"]
[Round "13"]
[White "Lagarde, Maxime"]
[Black "Bindrich, Falko"]
[Result "1/2-1/2"]
[WhiteElo "2591"]
[BlackElo "2604"]
[Annotator "TA"]
[PlyCount "182"]
[EventDate "2018.05.24"]
[EventType "team-tourn"]
[EventCountry "GER"]
[SourceTitle "playchess.com"]
[Source "ChessBase"]
[SourceQuality "1"]
[WhiteTeam "SF Deizisau"]
[BlackTeam "Aachen"]

{[%evp 20,182,27,18,27,25,24,26,34,22,32,16,36,0,47,0,56,52,54,46,47,31,27,31,47,6,10,5,30,-16,0,0,0,0,0,0,0,0,0,0,5,-8,0,0,0,0,0,0,0,0,0,0,0,0,0,0,0,0,0,0,0,0,-13,-29,-29,-29,-29,-29,-29,-50,-50,-50,-50,-48,-44,-44,-44,-48,-47,-44,-36,-36,-36,-51,-51,-58,-58,-58,-50,-58,-58,-58,-58,-58,-58,-58,-58,-51,-51,-51,-50,-50,-50,-50,-50,-50,-50,-48,-44,-43,-8,-37,-8,-41,-43,-70,-8,-70,-70,-70,-69,-70,-70,-69,-8,-8,-8,-8,-8,-8,-8,-8,-8,-8,-8,-8,-8,-8,0,-8,-8,-8,0,-8,-8,-8,-8,-8,-7,0,0,0,0,0,0,0,0,-8,0,0,0,0,0,0,0]} 1. e4 e5 2. Nf3 Nf6 3. Nxe5 d6 4. Nf3 Nxe4 5. d3 Nf6 6. d4 d5 7. Bd3 Bd6 8. Qe2+ Qe7 9. Qxe7+ Bxe7 10. Bf4 {C01: French: Exchange Variation} c6 11. h3 {LiveBook: 5 Games} (11. O-O O-O 12. Re1 Re8 13. Nbd2 Bg4 14. Ne5 Be6 15. Nb3 a5 16. Nc5 Bxc5 17. dxc5 Nbd7 18. Nxd7 Bxd7 {1-0 (33) Carlsen,M (2838)-Meier,G (2630) chess.com INT 2017}) 11... O-O 12. Nbd2 {White has an edge.} Nbd7 13. O-O Re8 14. Rfe1 Nf8 {[#]} 15. g4 $146 ({Predecessor:} 15. Re3 Ne6 16. Be5 Bd7 17. Rae1 g6 {½-½ (45) Kollars,D (2501)-Bogner,S (2586) Rome 2017}) 15... Bd8 16. Be5 Be6 17. Re3 N6d7 (17... h5 $11) 18. Bd6 $14 Bb6 19. Nb3 f6 20. Nc5 Bxc5 21. dxc5 Bf7 $1 22. Rxe8 Rxe8 23. b4 Ne6 24. c4 (24. Re1 {feels hotter.} b6 25. Bf5 bxc5 26. Bxe6 Rxe6 27. Rxe6 Bxe6 28. bxc5 Nf8 29. Bxf8 Kxf8 30. Nd4) 24... dxc4 25. Bxc4 Ng5 26. Bxf7+ Kxf7 27. Nxg5+ fxg5 $11 {[%mdl 4096] Endgame KRB-KRN} 28. Rb1 a6 29. a4 Re4 30. b5 axb5 31. axb5 Ke6 32. bxc6 bxc6 33. Rb7 Ra4 34. Rc7 Ra6 35. Kg2 g6 36. Kg3 h5 37. gxh5 gxh5 38. h4 Ra3+ 39. Kg2 gxh4 40. Rxc6 h3+ 41. Kh2 Kd5 42. Rc8 Nf6 {( -> ...Ng4+)} 43. Bg3 {[#] Threatens to win with Rd8+.} h4 $1 {[%mdl 512]} 44. c6 (44. Bxh4 Ng4+) 44... hxg3+ 45. fxg3 $15 {KRN-KR} Kd6 46. c7 Nd7 47. Kxh3 Nb6 48. Rd8+ Kxc7 49. Rd1 Kc6 50. Kh4 Nd5 51. Rd4 Kd6 52. Re4 Nf6 53. Re1 Nd7 54. Kh3 Ne5 55. Rb1 Ke6 56. Rb6+ Kf5 57. Rb8 Ra2 58. Rf8+ Ke4 59. Re8 Re2 60. Rf8 Ke3 61. Rf6 Ra2 62. Re6 Ra5 63. Kg2 Kd4 64. Re8 Rd5 65. Re6 Nc4 66. Re8 Ne3+ 67. Kf3 Rf5+ 68. Ke2 Nd5 69. Rd8 Rf6 70. Rd7 Ke4 71. Rd8 Re6 ({Black should play} 71... Nc3+ $15 72. Kd2 Rf3) 72. Ra8 $11 {The position is equal.} Nc3+ 73. Kf2 $1 Nb5 74. Kg2 Nd4 75. Ra7 Nc2 76. Ra8 Ke3 77. Rf8 Ne1+ 78. Kf1 Kd2 79. Rf2+ Kd1 80. Rf8 Nd3 81. Ra8 Rf6+ 82. Kg2 Ne1+ 83. Kg1 Kd2 84. Rd8+ Nd3 85. Re8 Nf2 86. Ra8 Ne4 87. Ra2+ Ke3 88. Kg2 Nd2 89. Ra3+ Ke2 90. Ra2 Rf2+ 91. Kg1 {[#] Rxd2+! is the strong threat.} Rf3 {Precision: White = 53%, Black = 75%.} 1/2-1/2

[Event "BL 2017-18"]
[Site "Germany"]
[Date "2018.04.29"]
[Round "13"]
[White "Nyback, Tomi"]
[Black "Neef, Maximilian"]
[Result "0-1"]
[WhiteElo "2576"]
[BlackElo "2455"]
[Annotator "TA"]
[PlyCount "96"]
[EventDate "2018.05.24"]
[EventType "team-tourn"]
[EventCountry "GER"]
[SourceTitle "playchess.com"]
[Source "ChessBase"]
[SourceQuality "1"]
[WhiteTeam "Werder Bremen"]
[BlackTeam "Dresden"]

{[%evp 20,96,-19,-31,-19,-45,-55,-55,-52,-65,-9,-63,-50,-42,-34,-50,-31,-27,-36,-55,-11,-5,-5,-5,-7,-8,-7,-47,-41,-38,-21,-22,-17,-37,-31,-43,-51,-45,-37,-54,-38,-49,-26,-18,-17,-46,-15,-77,-70,-158,-165,-160,-168,-202,-210,-215,-214,-208,-208,-215,-202,-191,-178,-342,-338,-281,-212,-1735,-1720,-1710,-1710,-1699,-1699,-1494,-727,-29968,1059,-29986,29984]} 1. d4 Nf6 2. c4 g6 3. Nc3 Bg7 4. e4 d6 5. Be2 O-O 6. Be3 Na6 7. Nf3 c5 8. O-O Ng4 {E91: King's Indian: Classical: 6 Be2, unusual replies including 6...c5 and 6...Bg4} 9. Bg5 h6 10. Bh4 cxd4 (10... g5 11. Bg3 Nf6 12. dxc5 Nxc5 13. Nd2 a5 14. Rc1 e5 15. Re1 {0-1 (38) Horvath,C (2537)-Naiditsch,A (2710) Hungary 2015}) 11. Nxd4 {LiveBook: 6 Games} Bxd4 12. Bxg4 Bxc3 13. bxc3 Nc5 14. Bf3 $146 ({Predecessor:} 14. Qe2 g5 15. Bg3 e5 16. Rad1 {0-1 (35) Krol,S-Hass,R (2280) Bielsko Biala 1991}) 14... Be6 (14... Qc7 $15) 15. Qd4 ({White should try} 15. Qd2 $1 $11) 15... Qc7 16. Be2 f6 17. f4 Bf7 18. e5 dxe5 19. fxe5 Ne6 (19... f5 {with more complications.} 20. Qe3 Kh7 21. Rad1 Rac8 22. e6 Bxe6 23. Rd4 Rf7) 20. Qe3 $1 Qxe5 21. Qxe5 fxe5 22. Bf3 g5 23. Bf2 (23. Bg3 {seems wilder.} Rac8 24. Rfe1 Rxc4 25. Rxe5 Rxc3 26. Bxb7 Nd8 27. Be1) 23... Nf4 24. Bxb7 Bxc4 (24... Rab8 {is interesting.} 25. Bf3 Rb2 26. Rfb1 Rc2 27. Bxa7 Bxc4 28. a4 Nh3+) 25. Bxa8 {aiming for Bf3.} Bxf1 26. Kxf1 {Be4 is the strong threat.} Rxa8 $15 {[%mdl 4096] Endgame KRB-KRN} 27. Rd1 Kf7 28. g3 Ne6 29. Ke2 a6 30. Rd5 Rc8 31. Kd3 Kf6 32. Be3 h5 {[%cal Bh6h5,Bh5h4][%mdl 32]} 33. c4 (33. Ra5 $11 {keeps the balance.}) 33... Kf5 $17 34. h3 (34. Ra5 $15) 34... h4 $1 {[%cal Rh4g3]} 35. g4+ Kf6 36. Ra5 Rc6 $1 37. c5 Nf4+ 38. Ke4 Ke6 ({Worse is} 38... Nxh3 39. Kd5 $11) 39. Ra3 Nxh3 40. Rb3 Nf4 41. Rb6 $2 {[#]} (41. Ra3) 41... Rxb6 $1 $19 42. cxb6 {KB-KN} Kd7 43. Kxe5 $2 {[#]} (43. Kf3) 43... Ne2 $1 44. Ke4 h3 45. Kf3 h2 46. Kg2 {[#]} Ng3 $1 {[%mdl 512]} 47. b7 (47. Kxg3 h1=Q) 47... a5 $4 {[%mdl 8192]} (47... h1=Q+ 48. Kxg3 Qxb7 49. Bf2 Qc7+ 50. Kg2 Qf4 51. a3 Qxg4+ 52. Kf1 Qh3+ 53. Ke2 Qxa3 54. Ba7 g4 55. Be3 Qc3 56. Bf2 a5 57. Bh4 Qf3+ 58. Kd2 g3 59. Bxg3 Qxg3 60. Kc2 a4 61. Kb2 a3+ 62. Kc2 Qe3 63. Kd1 Qf2 64. Kc1 a2 65. Kd1 a1=Q#) 48. Bf4 $4 {[%mdl 8192]} (48. Kxh2 $18 Nf1+ 49. Kg1) 48... Nf1 $4 {[%mdl 40960] Precision: White = 31%, Black = 55%. . Loss on Time!?} (48... h1=Q+ {and life is good for Black.} 49. Kxg3 gxf4+ 50. Kxf4 Qxb7 51. Kf5 Qd5+ 52. Kf4 Qxa2 53. Ke3 a4 54. Kd4 a3 55. Kd3 Qb3+ 56. Ke4 a2 57. Kf5 a1=Q 58. g5 Qe6+ 59. Kf4 Qf1+ 60. Kg3 Qeh3#) 0-1

[Event "BL 2017-18"]
[Site "Germany"]
[Date "2018.04.29"]
[Round "13"]
[White "Neiksans, Arturs"]
[Black "Schroeder, Jan-Christian"]
[Result "0-1"]
[WhiteElo "2574"]
[BlackElo "2555"]
[Annotator "TA"]
[PlyCount "108"]
[EventDate "2018.05.24"]
[EventType "team-tourn"]
[EventCountry "GER"]
[SourceTitle "playchess.com"]
[Source "ChessBase"]
[SourceQuality "1"]
[WhiteTeam "Speyer"]
[BlackTeam "SV Hofheim"]

{[%evp 21,108,25,26,18,18,25,15,15,18,22,36,25,18,21,34,22,17,20,31,32,30,4,26,24,40,40,58,44,36,41,33,40,43,19,23,11,21,25,44,0,42,51,45,46,37,31,28,35,39,39,38,51,45,11,6,-6,-9,-8,-12,-147,-139,-175,-176,-178,-160,-312,-296,-408,-384,-412,-372,-545,-520,-1710,-1652,-1137,-1222,-12841,-11698,-12841,-12841,-12840,-12832,-12845,-12843,-12846,-12846,-12846,-12847]} 1. c4 e6 2. g3 d5 3. Bg2 Nf6 4. Nf3 Be7 5. O-O O-O 6. b3 b6 7. cxd5 Nxd5 8. d4 Bb7 9. Bb2 Nf6 10. Nc3 c5 11. dxc5 Bxc5 {LiveBook: 5 Games} 12. Qxd8 {E17: Queen's Indian: 4 g3 Bb7 5 Bg2 Be7} Rxd8 13. Rfd1 $146 ({Predecessor:} 13. Ne5 Bxg2 14. Kxg2 Nbd7 15. Nd3 Be7 16. Rfd1 Rac8 17. Rac1 a6 18. f4 b5 19. Kf3 Nb6 {0-1 (32) Kramnik,V (2760)-Kosteniuk,A (2541) Sochi 2014}) 13... Nbd7 14. Nd4 {[%cal Bf3d4,Bd4b5,Bb5d6][%mdl 32] The position is equal.} Bxg2 15. Kxg2 Rac8 16. Ndb5 a6 17. Nd6 Rc6 18. Nb7 Rdc8 {White must now prevent ...Bf8.} 19. Nxc5 Nxc5 20. Rac1 b5 21. f3 Kf8 22. e4 Ke8 23. Ne2 Nb7 24. Rxc6 Rxc6 25. Rd2 Ke7 26. g4 g6 27. Nf4 Nd7 28. Kf2 Nbc5 29. Ke3 a5 30. Ne2 a4 31. Ba3 axb3 32. axb3 e5 33. Rc2 Kd8 $1 34. Bb4 Kc7 35. Nc3 Nxb3 36. Nxb5+ Kb6 37. Rxc6+ (37. Rb2 {with more complications.} Kxb5 38. Rxb3 Rc2 39. h4 Kc6 40. Kd3) 37... Kxc6 $14 {[%mdl 4096] Endgame KBN-KNN} 38. Nd6 Nd4 {Strongly threatening ...Nc2+.} 39. Kd3 $1 f6 {[%cal Bf7f6,Bf6e5,Be5e4,Be4e3,Be3e2][%mdl 32]} 40. f4 (40. h3 $11 {keeps the balance.}) 40... Ne6 $17 {Hoping for ...Nec5+.} 41. Ne8 exf4 42. Ke2 Nec5 43. h4 $2 (43. h3 $17) 43... g5 $19 ({Not} 43... Nxe4 44. Kf3 $17) 44. e5 fxe5 45. hxg5 {If White can now play Nf6 this consolidates a bit.} Ne6 46. Be7 (46. Nf6 $142 Nxg5 47. Be7) 46... e4 {Black is clearly winning.} 47. Nf6 (47. Bf6 $142 Kd5 48. Bb2) 47... Nd4+ 48. Kf1 {[#]} e3 $1 {[%cal Re3e2]} 49. Nh5 f3 50. Bb4 Ne5 {( -> ...Nd3)} 51. Be1 Nxg4 52. Nf6 e2+ 53. Kg1 {[#]} f2+ $1 54. Bxf2 Nf3+ {Precision: White = 36%, Black = 72%.} 0-1

[Event "BL 2017-18"]
[Site "Germany"]
[Date "2018.04.29"]
[Round "13"]
[White "Graf, Alexander"]
[Black "Van Foreest, Lucas"]
[Result "0-1"]
[WhiteElo "2570"]
[BlackElo "2485"]
[Annotator "TA"]
[PlyCount "80"]
[EventDate "2018.05.24"]
[EventType "team-tourn"]
[EventCountry "GER"]
[SourceTitle "playchess.com"]
[Source "ChessBase"]
[SourceQuality "1"]
[WhiteTeam "SF Deizisau"]
[BlackTeam "Aachen"]

{[%evp 17,80,-5,-7,-12,0,-6,0,0,7,4,19,3,0,3,20,1,9,-25,0,0,0,0,0,0,17,-23,0,-40,-43,-63,-64,-95,-72,-243,-222,-223,-223,-247,-262,-248,-241,-244,-250,-426,-422,-547,-530,-522,-545,-534,-516,-516,-427,-930,-920,-916,-912,-761,-747,-889,-880,-929,-927,-920,-886]} 1. d4 Nf6 2. c4 e6 3. Nc3 Bb4 4. e3 O-O 5. Nf3 c5 6. Bd2 b6 7. Be2 Bb7 8. O-O cxd4 9. exd4 Be7 {LiveBook: 4 Games. E21: Nimzo-Indian: 4 Nf3} 10. Na4 $146 ({Predecessor:} 10. Ne5 d5 11. Bf3 Nc6 12. Bg5 Rc8 13. Re1 dxc4 14. Qa4 Nxe5 15. Bxb7 Nd3 16. Bxc8 Nxe1 17. Rxe1 Qxc8 18. Qxa7 Bd8 19. Qa4 Nd5 20. Nxd5 exd5 21. Bxd8 Qxd8 {½-½ (53) Naiditsch,A (2700)-Erdos,V (2614) Minsk 2017}) 10... Ne4 11. Be3 d5 {The position is equal.} 12. c5 Bc6 13. Rc1 Qe8 14. Nc3 bxc5 15. dxc5 Nxc5 16. Nd4 Bb7 17. Ndb5 Nba6 18. a3 Qb8 19. b4 Nd7 {[%cal Bc5d7,Bd7f6,Bf6g4,Bg4e3][%mdl 32]} 20. f4 Bd8 21. Kh1 Bb6 22. Qd2 Nc7 23. f5 Nxb5 24. Bxb5 {[#]} Nf6 $1 {And now ...d4! would win.} 25. Bg5 $2 {[#]} (25. Bc5 $17 {was called for.}) 25... Ng4 $1 $19 {[%csl Gg4][%cal Rb8h2]} 26. Bf4 {[#]} Be3 $1 $40 {[%mdl 640] Black attacks with force.} 27. Qxe3 (27. Bxe3 Qxh2#) 27... Nxe3 28. Bxb8 Rfxb8 29. fxe6 fxe6 30. Bd7 $2 (30. Rf2) 30... Nxf1 {Black is clearly winning.} 31. Bxe6+ Kh8 32. Rxf1 d4 {[%cal Bd5d4,Bd4d3,Bd3d2][%mdl 32]} 33. Na4 Rf8 {[%cal Rf8f1]} 34. Rd1 Rf2 {Strongly threatening ...Raf8.} 35. Bh3 (35. Nc5 $142 Raf8 36. Rg1) 35... Raf8 36. Kg1 {[#]} d3 $1 37. g3 (37. Rxd3 Rf1#) 37... d2 {( -> ...Re2)} 38. Nc3 g5 {[%cal Bg7g5,Bg5g4][%mdl 32]} 39. b5 {[#]} g4 $1 40. Bf1 (40. Bxg4 Rg2+) 40... R2f3 {Precision: White = 44%, Black = 65%.} 0-1

[Event "BL 2017-18"]
[Site "Germany"]
[Date "2018.04.29"]
[Round "13"]
[White "Michalik, Peter"]
[Black "Van Wely, Loek"]
[Result "0-1"]
[WhiteElo "2563"]
[BlackElo "2656"]
[Annotator "TA"]
[PlyCount "42"]
[EventDate "2018.05.24"]
[EventType "team-tourn"]
[EventCountry "GER"]
[SourceTitle "playchess.com"]
[Source "ChessBase"]
[SourceQuality "1"]
[WhiteTeam "Schwaebisch Hall"]
[BlackTeam "Solingen"]

{[%evp 18,42,44,33,55,-47,26,8,25,36,55,29,76,28,72,53,246,58,214,-138,208,10,356,-100,-11,-808,-816]} 1. d4 Nf6 2. c4 g6 3. Nf3 Bg7 4. e3 O-O 5. Be2 d6 6. O-O Nbd7 7. Nc3 e5 8. Qc2 Re8 9. Rd1 e4 10. Nd2 {[%cal Rd2e4]} Qe7 {E61: King's Indian: Early deviations for White, including Smyslov System} 11. f4 (11. b4 $14) (11. b4 Nf8 12. Bb2 h5 13. Rac1 Bf5 14. Nb3 N8h7 15. d5 h4 16. Nd4 Bd7 17. c5 dxc5 18. bxc5 Qxc5 {½-½ (59) Grischuk,A (2785)-Caruana,F (2779) Elancourt 2013}) 11... Nf8 $146 ({Black should play} 11... exf3 $1 $15 12. Nxf3 b6) ({Predecessor:} 11... exf3 12. Nxf3 Bh6 13. e4 Bxc1 14. Raxc1 Nxe4 15. Nd5 Qd8 16. Bd3 Ndf6 17. Re1 Nxd5 18. Bxe4 {0-1 (32) Gorelov,V (1757)-Machekhin,E Tambov 2016}) 12. a4 h5 {The position is equal.} 13. h3 Bf5 14. a5 b6 15. a6 N8h7 16. Nb3 Ng4 $2 {[#]} ({Black should try} 16... c6 $14) 17. d5 $2 (17. hxg4 $18 Bxg4 18. Bxg4 hxg4 19. g3) 17... Qh4 $2 (17... Nh6 $1 $14) 18. Bxg4 $2 (18. hxg4 $18 hxg4 19. Nd2) 18... Bxg4 $4 {[%mdl 8192]} (18... hxg4 $17 {and life is bright.} 19. Qf2 Qxf2+ 20. Kxf2 Bxc3 21. bxc3 gxh3 22. gxh3 Bxh3) 19. Ne2 $2 {[#]} (19. hxg4 $18 {Black must now prevent g5.} hxg4 20. Nd2 (20. Nxe4 g3 $11)) 19... Ng5 $2 {[%mdl 8192]} (19... Bf3 $1 $11 {[%mdl 512] and Black has nothing to worry.}) 20. Rf1 $2 (20. fxg5 Bxh3 21. Nbd4 (21. gxh3 Re5 $16) 21... Bd7 $16) ({White must play} 20. hxg4 $18 Nf3+ 21. gxf3 exf3 22. Ned4 Qg3+ 23. Kf1 hxg4 24. Qf2 Qh3+ 25. Ke1) 20... Nf3+ (20... Nxh3+ $1 $17 21. gxh3 Bxh3) 21. Rxf3 $2 {[%mdl 8192]} (21. gxf3 $11 Bxh3 22. Qd1) 21... exf3 {Precision: White =  8%, Black =  1%.} 0-1